|
|
|
|
| LEADER |
01353nam a22002057a 4500 |
| 008 |
200204b ||||| |||| 00| 0 eng d |
| 999 |
|
|
|c 348366
|d 348366
|
| 020 |
|
|
|a 9789352864867
|
| 082 |
|
|
|2 332.0954
|
| 100 |
|
|
|a Pathak, Bharathi V.
|
| 245 |
|
|
|a Indian financial system :
|b markets,institutions and services /
|c Bharati V Pathak
|
| 250 |
|
|
|a 5th ed.
|
| 260 |
|
|
|a New Delhi:
|b Pearson,
|c c2018.
|
| 300 |
|
|
|a 876 p.
|
| 650 |
|
|
|2 Finance
|a India
|
| 942 |
|
|
|c BK
|
| 952 |
|
|
|0 0
|1 0
|2 ddc
|4 0
|6 332_095400000000000_PAT_I
|7 0
|9 401739
|a ECN
|b ECN
|c ST1
|d 2020-02-04
|e Book Shop, Publication Division, University of Calicut.
|g 0.00
|i 9423
|l 2
|o 332.0954 PAT/I
|p ECN9423
|r 2021-09-13
|s 2021-03-26
|w 2020-02-04
|y BK
|
| 952 |
|
|
|0 0
|1 0
|2 ddc
|4 0
|6 332_095400000000000_PAT_I1
|7 0
|9 401740
|a ECN
|b ECN
|c ST1
|d 2020-02-04
|e Book Shop, Publication Division, University of Calicut.
|g 0.00
|i 9423
|l 3
|m 1
|o 332.0954 PAT/I;1
|p ECN9424
|r 2021-11-08
|s 2021-02-16
|y BK
|
| 952 |
|
|
|0 0
|1 0
|2 ddc
|4 0
|6 332_095400000000000_PAT_I2
|7 0
|9 401741
|a ECN
|b ECN
|c ST1
|d 2020-02-04
|e Book Shop, Publication Division, University of Calicut.
|g 0.00
|i 9423
|l 1
|o 332.0954 PAT/I;2
|p ECN9425
|r 2021-09-13
|s 2021-03-10
|y BK
|
| 952 |
|
|
|0 0
|1 0
|2 ddc
|4 0
|6 332_095400000000000_PAT_I3
|7 0
|9 401742
|a ECN
|b ECN
|c ST1
|d 2020-02-04
|e Book Shop, Publication Division, University of Calicut.
|g 0.00
|i 9426
|l 2
|o 332.0954 PAT/I;3
|p ECN9426
|r 2021-09-10
|s 2021-03-05
|w 2020-02-04
|y BK
|